| 000 | 00747nam a2200253 a 4500 | ||
|---|---|---|---|
| 001 | 66779 | ||
| 003 | BD-RjUL | ||
| 005 | 20211209081557.0 | ||
| 008 | 711227r19711894nyua b 001 0 eng | ||
| 020 | _a0828402515 | ||
| 035 | _a(BD-RjUL)66910 | ||
| 040 |
_aDLC _cDLC _dDLC _dBD-RjUL _beng |
||
| 041 | _aeng | ||
| 082 | 0 | 0 |
_223 _a511.3 _bVES 1984 |
| 100 | 1 |
_aVenn, John, _d1834-1923. _9197690 |
|
| 245 | 1 | 0 |
_aSymbolic logic / _cJohn Venn |
| 250 | _a2d ed., rev. and rewritten. | ||
| 260 |
_aBronx, N.Y : _bChelsea Pub. Co., _c1971 [reprint 1984] |
||
| 300 |
_axxxviii, 540 p. : _bill. _c21 cm. |
||
| 500 | _aReprint of the 1894 ed. | ||
| 504 | _aBibliography and index | ||
| 650 | 0 |
_aLogic, Symbolic and mathematical. _9197691 |
|
| 942 |
_2ddc _cBK |
||
| 999 |
_c66779 _d66779 |
||